Celebriamo il Natale (Lp Sl 30.71) (Record n. 101985)
[ formato base ]
| 000 -LEADER | |
|---|---|
| fixed length control field | 01565njm a2200313Ia 4500 |
| 001 - CONTROL NUMBER | |
| control field | 20831 |
| 003 - CONTROL NUMBER IDENTIFIER | |
| control field | IT-RoPAU |
| 005 - DATE AND TIME OF LATEST TRANSACTION | |
| control field | 20220918181149.0 |
| 008 - FIXED-LENGTH DATA ELEMENTS--GENERAL INFORMATION | |
| fixed length control field | 131025s9999 xx 000 0 und d |
| 040 ## - CATALOGING SOURCE | |
| Original cataloging agency | IT-RoPAU |
| Transcribing agency | IT-RoPAU |
| 040 ## - CATALOGING SOURCE | |
| Transcribing agency | IT-RoPAU |
| 041 ## - LANGUAGE CODE | |
| Language code of text/sound track or separate title | ITALIANO |
| 999 ## - SYSTEM CONTROL NUMBERS (KOHA) | |
| Koha Dewey Subclass [OBSOLETE] | n.d. |
| 100 ## - MAIN ENTRY--PERSONAL NAME | |
| Personal name | Lanzoni Paolo |
| 9 (RLIN) | 777 |
| 100 ## - MAIN ENTRY--PERSONAL NAME | |
| Relator term | Autore musica |
| 9 (RLIN) | 778 |
| 100 ## - MAIN ENTRY--PERSONAL NAME | |
| Miscellaneous information | Codice autore musica SPICS: 10975 |
| 9 (RLIN) | 779 |
| 245 ## - TITLE STATEMENT | |
| Title | Celebriamo il Natale (Lp Sl 30.71) |
| 250 ## - EDITION STATEMENT | |
| Edition statement | 1a ed. |
| 260 ## - PUBLICATION, DISTRIBUTION, ETC. (IMPRINT) | |
| Place of publication, distribution, etc. | ALBANO |
| 260 ## - PUBLICATION, DISTRIBUTION, ETC. (IMPRINT) | |
| Name of publisher, distributor, etc. | EP - MUSICALI E DISCOGRAFICHE |
| Date of publication, distribution, etc. | 1983 [1a Ed.:1983 - Ed. Lingua Orig.: 1983] |
| 300 ## - PHYSICAL DESCRIPTION | |
| Extent | DISCO |
| 300 ## - PHYSICAL DESCRIPTION | |
| Dimensions | 44 minuti (Testo: pag.) |
| 500 ## - GENERAL NOTE | |
| General note | Messa solenne per comunità parrocchiali. Canti di Natale. |
| 505 ## - FORMATTED CONTENTS NOTE | |
| Formatted contents note | Non Temete Popoli del Mondo (canto d'ingresso) - Signore, disceso dal cielo (atto penitenziale) - Invocazione penitenziale - Inno trinitario - Oggi è nato per noi (salmo responsoriale 98-97) - Alleluja (canto al Vangelo) - Tu sei l'offerta (canto d'offertorio) - Santo, Santo - Anamnesi - Amen dossologico - La preghiera del Signore - Dossologia - Invocazione all'Agnello - Quel Dio (canto di comunione) - O Salvatore del mondo (canto di comunione) - Cristo è la luce (canto finale) - Pastorale festosa (4:00) |
| 650 ## - SUBJECT ADDED ENTRY--TOPICAL TERM | |
| Topical term or geographic name as entry element | CANTI DI NATALE [DISCHI] |
| Relator term | Codice MATERIA SPICS: 9950 |
| 9 (RLIN) | 780 |
| 700 ## - ADDED ENTRY--PERSONAL NAME | |
| Personal name | Recalcati Carlo |
| Relator term | Autore testo e musica |
| Miscellaneous information | Codice autore testo/musica SPICS: 11110 |
| 9 (RLIN) | 781 |
| 700 ## - ADDED ENTRY--PERSONAL NAME | |
| Personal name | Monti Elvio |
| Relator term | Autore musica |
| Miscellaneous information | Codice autore musica SPICS: 11030 |
| Name of part/section of a work | Pastorale festosa |
| 9 (RLIN) | 3947 |
| 942 ## - ADDED ENTRY ELEMENTS (KOHA) | |
| Koha item type | DISCHI |
| Source of classification or shelving scheme | Dewey Decimal Classification |
| Withdrawn status | Lost status | Damaged status | Not for loan | Home library | Current library | Date acquired | Total Checkouts | Full call number | Date last seen | Price effective from | Koha item type | Public note |
|---|---|---|---|---|---|---|---|---|---|---|---|---|
| Buone Condizioni | Not For Loan | SPICS-MEDIATECA | SPICS-MEDIATECA | 25/10/2013 | 20831 | 25/10/2013 | 25/10/2013 | DISCHI | Progr. Ins.: 4134 / N.Vol.: 1 / Copie: 1 - Copia rara: n.d. / date import: 01.01.2014 - By Epidotti, Trombetti, Vaglietti |